| 000 | 01039nam a2200241 4500 | ||
|---|---|---|---|
| 001 | 76671 | ||
| 003 | BD-RjUL | ||
| 005 | 20211209082854.0 | ||
| 008 | 191231s2001 bg ||||| |||| 00| 0 ben d | ||
| 020 | _c: TK 112.00 (V-1: 12th Printing, 2001) | ||
| 035 | _a(BD-RjUL)76895 | ||
| 040 |
_aBD-RjUL _bben _cBD-RjUL |
||
| 041 | _aben | ||
| 082 |
_223 _a297.12516 _bAJM V-1 2001 |
||
| 100 | 1 |
_aআ'জমী, নূর মোহাম্মদ _9237247 |
|
| 245 | 1 | 0 |
_a মেশকাত শরীফ : _bবঙ্গানুবাদ ও ব্যাখ্যাসহ / _cনূর মোহাম্মদ আ'জমী |
| 260 |
_aঢাকা : _bএমদাদিয়া লাইব্রেরী, _c২০০১ [১২শ মুদ্রণ] |
||
| 300 |
_a খণ্ড ; _c২২ সেমি. |
||
| 505 | 0 | _aখণ্ড ১ -- | |
| 650 |
_aহাদীস _xবঙ্গানুবাদ ও ব্যাখ্যা _9237234 |
||
| 650 |
_aHadith _xBengali Translation and Interpretation _9237235 |
||
| 942 |
_2ddc _cBK |
||
| 999 |
_c76671 _d76671 |
||